|
|
|
|
| LEADER |
00000cam a2200000 7i4500 |
| 001 |
0000059774 |
| 005 |
20160214.0 |
| 008 |
160214 |
| 020 |
|
|
|a 0806912928
|
| 020 |
|
|
|a 9780806912929
|
| 090 |
0 |
0 |
|a 746.443041
|b LOS
|
| 100 |
1 |
|
|a Lose, Patrick
|
| 245 |
1 |
0 |
|a Whimsical cross-stitch
|c Patrick Lose
|
| 260 |
|
|
|a New York :
|b Sterling Publishing Company, Inc. ,
|c 1995
|
| 300 |
|
|
|a 142 pg :
|b (i)bw & col
|
| 500 |
|
|
|a Includes Index 143 pg
|
| 650 |
|
0 |
|a Cross-stitch
|x Patterns
|
| 650 |
|
0 |
|a Holiday decorations
|
| 999 |
|
|
|a 0000830332
|b Book
|c Adult Collection
|e Cawangan Bandar Penawar
|
| 999 |
|
|
|a 0000830333
|b Book
|c Adult Collection
|e Cawangan Muar
|
| 999 |
|
|
|a 0000830335
|b Book
|c Adult Collection
|e Cawangan Segamat
|
| 999 |
|
|
|a 0000830336
|b Book
|c Adult Collection
|e Cawangan Tmn. Ungku Tun Aminah
|
| 999 |
|
|
|a 0000830337
|b Book
|c Adult Collection
|e Cawangan Pontian
|
| 999 |
|
|
|a 000830333
|b Book
|c Adult Collection
|e Cawangan Muar
|